Click Caribbean Islands on the Map - Statistics

General Stats
  • This quiz has been taken 130 times
  • The average score is 12 of 16
Answers on the Map
Answers color-coded by a green-red scale on the quiz's map according to % correct below.
 
Answer Stats
Answer % Correct
Cuba
94%
Jamaica
90%
Puerto Rico
88%
Hispaniola
86%
Tobago
85%
Trinidad
84%
Curaçao
76%
Grenada
74%
Saint Lucia
74%
Martinique
71%
Bonaire
69%
Dominica
69%
Isla de la Juventud (Island of Youth)
65%
Aruba
62%
Gonave island
57%
Grand Cayman
57%
No matching quizzes found
Score Distribution
Percent of People with Each Score
Percentile by Number Answered
Your Score History
You have not taken this quiz